[Event "Asian-ch Seniors 50"]
[Site "Auckland"]
[Date "2022.10.17"]
[Round "4"]
[White "Ebenezer, Joseph"]
[Black "Duneas, John"]
[Result "1/2-1/2"]
[WhiteElo "1821"]
[BlackElo "2001"]
[PlyCount "99"]
[EventDate "2022.10.15"]
[EventType "swiss"]
[EventRounds "9"]
[EventCountry "NZL"]
[SourceTitle "EXT 2024"]
[Source "ChessBase"]
[SourceDate "2023.10.10"]
[SourceVersion "1"]
[SourceVersionDate "2023.10.10"]
[SourceQuality "1"]

1. e4 e6 2. d4 d5 3. Nd2 Nf6 4. e5 Nfd7 5. Bd3 c5 6. c3 Nc6 7. Ne2 cxd4 8. cxd4 f6 9. exf6 Nxf6 10. Nf3 Bd6 11. 0-0 Qc7 12. Nc3 a6 13. Bg5 0-0 14. Bh4 g6 15. Bg3 Nh5 16. Re1 Nxg3 17. hxg3 Qg7 18. Bc2 Bd7 19. Na4 Rae8 20. Nb6 Bc7 21. Nxd7 Qxd7 22. Rc1 Bd8 23. a3 Bf6 24. Ne5 Nxe5 25. dxe5 Bg7 26. Qd4 Rc8 27. Bd3 Rc7 28. Qb6 Rfc8 29. Rxc7 Rxc7 30. Qd6 Qxd6 31. exd6 Rd7 32. Rxe6 Bxb2 33. a4 Ba3 34. Re5 d4 35. Be4 Rxd6 36. Bxb7 d3 37. Rd5 d2 38. Rxd6 Bxd6 39. Bd5+ Kg7 40. Bb3 Kf6 41. Kf1 h5 42. Ke2 Bb4 43. f4 g5 44. Kf3 Bc5 45. Bc2 a5 46. g4 h4 47. fxg5+ Kxg5 48. Bd1 Bd6 49. Ke4 Bb4 50. Kf3 1/2-1/2

[Event "Asian-ch Seniors 50"]
[Site "Auckland"]
[Date "2022.10.15"]
[Round "2"]
[White "Cabe, Arlan"]
[Black "Duneas, John"]
[Result "1-0"]
[WhiteElo "2285"]
[BlackElo "2001"]
[PlyCount "69"]
[EventDate "2022.10.15"]
[EventType "swiss"]
[EventRounds "9"]
[EventCountry "NZL"]
[SourceTitle "EXT 2024"]
[Source "ChessBase"]
[SourceDate "2023.10.10"]
[SourceVersion "1"]
[SourceVersionDate "2023.10.10"]
[SourceQuality "1"]

1. e4 e6 2. d4 d5 3. Nd2 Nf6 4. e5 Nfd7 5. Bd3 c5 6. c3 Nc6 7. Ne2 cxd4 8. cxd4 f6 9. exf6 Nxf6 10. Nf3 Bd6 11. 0-0 Qc7 12. Bg5 0-0 13. Rc1 a6 14. Bh4 g6 15. Bg3 Nh5 16. Be5 Qb8 17. Bxd6 Qxd6 18. Re1 Ng7 19. Ng3 Qb4 20. h4 Nxd4 21. Ne5 Qxb2 22. Bc2 Nc6 23. Nf3 Qf6 24. h5 Nf5 25. hxg6 hxg6 26. Nxf5 gxf5 27. Ba4 Ne7 28. Rc7 Ng6 29. Qc1 f4 30. Bc2 Nh4 31. Bh7+ Kh8 32. Nxh4 Qxh4 33. Qc3+ Qf6 34. Qh3 Rf7 35. Rxf7 1-0

[Event "Olympiad-44"]
[Site "Chennai"]
[Date "2022.08.02"]
[Round "5.3"]
[White "Duneas, John"]
[Black "Nissinen, Niilo Man"]
[Result "1-0"]
[WhiteElo "2031"]
[BlackElo "1693"]
[PlyCount "81"]
[EventDate "2022.07.29"]
[EventType "team-swiss"]
[EventRounds "11"]
[EventCountry "IND"]
[SourceTitle "CBM 210"]
[Source "ChessBase"]
[SourceDate "2022.10.31"]
[SourceVersion "1"]
[SourceVersionDate "2022.10.31"]
[SourceQuality "1"]
[WhiteTeam "New Zealand"]
[BlackTeam "Hong Kong"]
[WhiteTeamCountry "NZL"]
[BlackTeamCountry "HKG"]

1. d4 Nf6 2. c4 g6 3. Nc3 d5 4. cxd5 Nxd5 5. e4 Nxc3 6. bxc3 Bg7 7. Be3 c5 8. Rc1 0-0 9. Qd2 b6 10. dxc5 Qc7 11. cxb6 axb6 12. Qb2 Be6 13. a3 Qc6 14. Nf3 Qxe4 15. Ng5 Qd5 16. Nxe6 fxe6 17. Qxb6 Rxa3 18. Qb4 Rb3 19. Qc4 Nd7 20. Qxd5 exd5 21. c4 d4 22. c5 Rb2 23. Bd2 Rxd2 24. c6 Rdxf2 25. cxd7 R2f6 26. Rc8 Rd6 27. Bc4+ Kh8 28. Rf1 Rxd7 29. Rfxf8+ Bxf8 30. Rxf8+ Kg7 31. Rf7+ Kh6 32. Kd2 g5 33. Bd3 g4 34. Rxh7+ Kg5 35. Rf7 Ra7 36. Rf5+ Kh4 37. Be4 g3 38. h3 Ra2+ 39. Kd3 e5 40. Bf3 e4+ 41. Kxe4 1-0

[Event "Titled Tuesday intern op 28th Dec"]
[Site "Chess.com INT"]
[Date "2021.12.28"]
[Round "8"]
[White "Derraugh, Geordie"]
[Black "Duneas, John"]
[Result "0-1"]
[WhiteElo "2209"]
[BlackElo "2071"]
[PlyCount "126"]
[EventDate "2021.12.28"]
[EventType "swiss (blitz)"]
[EventRounds "11"]
[EventCountry "USA"]
[SourceTitle "CBM 206 Extra"]
[Source "ChessBase"]
[SourceDate "2022.03.31"]
[SourceVersion "1"]
[SourceVersionDate "2022.03.31"]
[SourceQuality "1"]

1. e4 e5 2. Nf3 Nc6 3. d4 exd4 4. Bc4 Be7 5. 0-0 d6 6. Nxd4 Nf6 7. Nc3 0-0 8. Re1 a6 9. Bg5 Nd7 10. Bxe7 Nxe7 11. f4 b5 12. Bd5 Nxd5 13. exd5 Nc5 14. b4 Na4 15. Nxa4 bxa4 16. Nc6 Qf6 17. Qd4 Qxd4+ 18. Nxd4 Bb7 19. c4 Rfe8 20. Kf2 g6 21. Kf3 Kg7 22. Rad1 Kf6 23. Ne2 Bc8 24. Nc3 Bd7 25. c5 Bb5 26. Ne4+ Kg7 27. cxd6 cxd6 28. Nxd6 Rxe1 29. Rxe1 Rd8 30. Nxb5 axb5 31. Rd1 f5 32. Ke3 Kf6 33. Kd4 Ke7 34. Re1+ Kd7 35. Kc5 Rc8+ 36. Kxb5 Rc2 37. Kxa4 Rxa2+ 38. Kb5 Rxg2 39. h3 Rg3 40. Kc5 Rxh3 41. Ra1 Rc3+ 42. Kd4 Rb3 43. Ra7+ Kd6 44. Ra6+ Kc7 45. Kc5 Rc3+ 46. Kb5 Rd3 47. Kc4 Rf3 48. Ra7+ Kb6 49. Rxh7 Rxf4+ 50. Kb3 Rd4 51. Rd7 g5 52. Kc3 Re4 53. Rd6+ Kc7 54. Rg6 g4 55. Rf6 Rf4 56. b5 Kb7 57. b6 g3 58. Kd3 g2 59. Rg6 Rg4 60. Rxg4 fxg4 61. d6 g1Q 62. d7 Qxb6 63. d8Q Qxd8+ 0-1

[Event "Titled Tuesday intern op 28th Dec"]
[Site "Chess.com INT"]
[Date "2021.12.28"]
[Round "6"]
[White "Duneas, John"]
[Black "Aslanov, Umid Fuad"]
[Result "0-1"]
[WhiteElo "2071"]
[BlackElo "2187"]
[PlyCount "56"]
[EventDate "2021.12.28"]
[EventType "swiss (blitz)"]
[EventRounds "11"]
[EventCountry "USA"]
[SourceTitle "CBM 206 Extra"]
[Source "ChessBase"]
[SourceDate "2022.03.31"]
[SourceVersion "1"]
[SourceVersionDate "2022.03.31"]
[SourceQuality "1"]

1. d4 Nf6 2. Nf3 e6 3. Bg5 Be7 4. c4 d5 5. Nc3 h6 6. Bh4 0-0 7. e3 b6 8. cxd5 Nxd5 9. Bxe7 Qxe7 10. Nxd5 exd5 11. Bd3 c5 12. dxc5 bxc5 13. 0-0 Be6 14. b3 Nd7 15. h3 Nf6 16. Rc1 Rfd8 17. Qe2 Rac8 18. Rfd1 Rc7 19. Bb1 Rdc8 20. Qb2 Ne4 21. Qa3 Qf6 22. Bxe4 dxe4 23. Nd2 Qg6 24. Kf1 Qf5 25. Qa4 Bd5 26. Nb1 Rc6 27. Nc3 Rf6 28. Nxd5 Qxf2# 0-1

[Event "Titled Tuesday intern op 28th Dec"]
[Site "Chess.com INT"]
[Date "2021.12.28"]
[Round "3"]
[White "Duneas, John"]
[Black "Dolzhikova, Kateryna"]
[Result "0-1"]
[WhiteElo "2071"]
[BlackElo "2161"]
[PlyCount "64"]
[EventDate "2021.12.28"]
[EventType "swiss (blitz)"]
[EventRounds "11"]
[EventCountry "USA"]
[SourceTitle "CBM 206 Extra"]
[Source "ChessBase"]
[SourceDate "2022.03.31"]
[SourceVersion "1"]
[SourceVersionDate "2022.03.31"]
[SourceQuality "1"]

1. d4 Nf6 2. Nf3 e6 3. Bg5 d5 4. c4 Be7 5. Nc3 0-0 6. e3 a6 7. cxd5 exd5 8. Bd3 Bg4 9. Qc2 Nbd7 10. Ne5 h6 11. Bxf6 Nxf6 12. Nxg4 Nxg4 13. h3 Nf6 14. 0-0 c6 15. Rab1 Re8 16. b4 Bd6 17. a4 Rc8 18. Bf5 Rc7 19. Qd3 g6 20. Bg4 Nxg4 21. hxg4 Qh4 22. f4 Qxg4 23. b5 axb5 24. axb5 Rce7 25. Rf3 Ra8 26. bxc6 bxc6 27. Rb6 Ra1+ 28. Rf1 Rxf1+ 29. Kxf1 Bxf4 30. exf4 Qxf4+ 31. Qf3 Qc1+ 32. Kf2 Qe1# 0-1

[Event "Titled Tuesday intern op 28th Dec"]
[Site "Chess.com INT"]
[Date "2021.12.28"]
[Round "10"]
[White "Lauridsen, Jesper Morch"]
[Black "Duneas, John"]
[Result "0-1"]
[WhiteElo "2215"]
[BlackElo "2071"]
[PlyCount "74"]
[EventDate "2021.12.28"]
[EventType "swiss (blitz)"]
[EventRounds "11"]
[EventCountry "USA"]
[SourceTitle "CBM 206 Extra"]
[Source "ChessBase"]
[SourceDate "2022.03.31"]
[SourceVersion "1"]
[SourceVersionDate "2022.03.31"]
[SourceQuality "1"]

1. e4 e5 2. f4 exf4 3. Nf3 g5 4. Nc3 Nc6 5. Bc4 Bg7 6. 0-0 d6 7. d4 h6 8. Bb5 a6 9. Ba4 b5 10. Bb3 Bg4 11. Bd5 Qd7 12. e5 Nge7 13. h3 Bh5 14. Qe1 Bxf3 15. Bxf3 0-0 16. Bg4 Qd8 17. e6 f5 18. Bh5 Nxd4 19. Bf7+ Kh8 20. Qf2 c5 21. Kh1 Qc7 22. Bd2 Qc6 23. Rae1 Nxc2 24. Rd1 Nd4 25. Bxf4 gxf4 26. Qxf4 b4 27. Qh4 bxc3 28. bxc3 Nb5 29. Qxe7 Nxc3 30. Rxd6 Qe4 31. Rd7 Ne2 32. Bh5 Ng3+ 33. Kg1 Qe3+ 34. Rf2 Nxh5 35. g4 fxg4 36. Qf7 Rxf7 37. exf7 g3 0-1

[Event "Titled Tuesday intern op 21st Dec"]
[Site "Chess.com INT"]
[Date "2021.12.21"]
[Round "1"]
[White "Bilan, Danila"]
[Black "Duneas, John"]
[Result "1-0"]
[WhiteElo "2303"]
[BlackElo "2071"]
[PlyCount "85"]
[EventDate "2021.12.21"]
[EventType "swiss (blitz)"]
[EventRounds "11"]
[EventCountry "USA"]
[SourceTitle "CBM 205 Extra"]
[Source "ChessBase"]
[SourceDate "2022.01.31"]
[SourceVersion "1"]
[SourceVersionDate "2022.01.31"]
[SourceQuality "1"]

1. d4 e6 2. Nf3 d5 3. c4 Nf6 4. Nc3 c6 5. Bg5 Be7 6. e3 Ne4 7. Bxe7 Qxe7 8. Nxe4 dxe4 9. Nd2 f5 10. g3 0-0 11. Bg2 e5 12. dxe5 Qxe5 13. Qc2 Be6 14. 0-0 Nd7 15. Nb3 Nc5 16. Nd4 Nd3 17. Rfd1 Rfd8 18. Bf1 Nb4 19. Qb3 c5 20. Nxe6 Qxe6 21. a3 Nc6 22. Qxb7 Ne5 23. Rd5 Nf3+ 24. Kg2 Rab8 25. Qxa7 Rbc8 26. Rad1 Rxd5 27. Rxd5 Ne1+ 28. Kg1 Nf3+ 29. Kh1 Qh6 30. h3 Ng5 31. Qd7 Rf8 32. Rxf5 g6 33. Rxf8+ Qxf8 34. Qd5+ Nf7 35. Bg2 Kg7 36. Bxe4 Qe7 37. Kg2 Qf6 38. Bf3 Qxb2 39. Qxc5 Qc2 40. Qd4+ Kf8 41. h4 Qf5 42. c5 Ne5 43. Qf4 1-0

[Event "Titled Tuesday intern op 21st Dec"]
[Site "Chess.com INT"]
[Date "2021.12.21"]
[Round "6"]
[White "Duneas, John"]
[Black "Dilmukhametov, Artur"]
[Result "0-1"]
[WhiteElo "2071"]
[BlackElo "2293"]
[PlyCount "54"]
[EventDate "2021.12.21"]
[EventType "swiss (blitz)"]
[EventRounds "11"]
[EventCountry "USA"]
[SourceTitle "CBM 205 Extra"]
[Source "ChessBase"]
[SourceDate "2022.01.31"]
[SourceVersion "1"]
[SourceVersionDate "2022.01.31"]
[SourceQuality "1"]

1. d4 e5 2. dxe5 Nc6 3. Nf3 Qe7 4. Nc3 Nxe5 5. e4 c6 6. Bf4 d6 7. Be2 Bg4 8. 0-0 Nxf3+ 9. Bxf3 Bxf3 10. Qxf3 Nf6 11. Rad1 Rd8 12. Rfe1 Ng8 13. Qg3 g6 14. Bg5 f6 15. Nd5 cxd5 16. exd5 fxg5 17. Qxg5 Rd7 18. Rxe7+ Rxe7 19. Qf4 Re5 20. Qa4+ Kf7 21. Qxa7 Nf6 22. Qxb7+ Be7 23. h3 Ne4 24. c4 Nc5 25. Qb5 Re8 26. b4 Ne4 27. Rd4 Nc3 0-1

[Event "Titled Tuesday intern op 23rd Nov"]
[Site "Chess.com INT"]
[Date "2021.11.23"]
[Round "10"]
[White "Hartikainen, Jarmo"]
[Black "Duneas, John"]
[Result "0-1"]
[WhiteElo "2133"]
[BlackElo "2071"]
[PlyCount "64"]
[EventDate "2021.11.23"]
[EventType "swiss (blitz)"]
[EventRounds "11"]
[EventCountry "USA"]
[SourceTitle "CBM 205 Extra"]
[Source "ChessBase"]
[SourceDate "2022.01.31"]
[SourceVersion "1"]
[SourceVersionDate "2022.01.31"]
[SourceQuality "1"]

1. e4 e5 2. Nf3 Nc6 3. Bc4 Be7 4. d4 exd4 5. Nxd4 Nf6 6. Nc3 d6 7. f3 0-0 8. Be3 Ne5 9. Bb3 c5 10. Ndb5 a6 11. Na3 b5 12. Bd5 Rb8 13. Ne2 Nxd5 14. exd5 b4 15. Nb1 Bf6 16. Nd2 Ng6 17. Rb1 Re8 18. Nf1 Qe7 19. Qd2 c4 20. Kf2 Bf5 21. Nfg3 Bd7 22. Rhe1 c3 23. bxc3 bxc3 24. Nxc3 Rxb1 25. Nxb1 Ne5 26. Ne4 Nc4 27. Qc3 Bxc3 28. Nbxc3 Nxe3 29. Rxe3 Qf8 30. g3 g6 31. h4 Re5 32. f4 Re7 0-1

[Event "Titled Tuesday intern op 23rd Nov"]
[Site "Chess.com INT"]
[Date "2021.11.23"]
[Round "2"]
[White "Rangel, Daniel"]
[Black "Duneas, John"]
[Result "1/2-1/2"]
[WhiteElo "2210"]
[BlackElo "2071"]
[PlyCount "90"]
[EventDate "2021.11.23"]
[EventType "swiss (blitz)"]
[EventRounds "11"]
[EventCountry "USA"]
[SourceTitle "CBM 205 Extra"]
[Source "ChessBase"]
[SourceDate "2022.01.31"]
[SourceVersion "1"]
[SourceVersionDate "2022.01.31"]
[SourceQuality "1"]

1. c4 e6 2. g3 f5 3. Bg2 Nf6 4. Nc3 g6 5. e4 fxe4 6. Nxe4 Bg7 7. Ne2 0-0 8. d3 d5 9. Nxf6+ Qxf6 10. 0-0 c6 11. d4 Nd7 12. b3 a5 13. Ba3 Re8 14. Bd6 e5 15. dxe5 Nxe5 16. c5 Nf3+ 17. Bxf3 Qxf3 18. Nd4 Qf6 19. Nc2 Bh3 20. Re1 Qf5 21. Rc1 Re4 22. Ne3 Qf7 23. Bf4 Rae8 24. Qd2 Be5 25. f3 Rd4 26. Qf2 Bxf4 27. gxf4 Qxf4 28. Ng2 Bxg2 29. Rxe8+ Kf7 30. Kxg2 Rd2 31. Re2 Qg5+ 32. Kh3 Rxe2 33. Qxe2 Qxc1 34. Qe5 Qh6+ 35. Kg2 Qd2+ 36. Kg3 Qh6 37. Qc7+ Kf6 38. Qxb7 Qg5+ 39. Kh3 Qh5+ 40. Kg2 Qg5+ 41. Kf2 Qd2+ 42. Kg3 Qg5+ 43. Kf2 Qd2+ 44. Kf1 Qd1+ 45. Kf2 Qd2+ 1/2-1/2

[Event "Titled Tuesday intern op 19th Oct"]
[Site "Chess.com INT"]
[Date "2021.10.19"]
[Round "3"]
[White "Mikhalsky, Vladimir"]
[Black "Duneas, John"]
[Result "1-0"]
[WhiteElo "2269"]
[BlackElo "2071"]
[PlyCount "85"]
[EventDate "2021.10.19"]
[EventType "swiss (blitz)"]
[EventRounds "11"]
[EventCountry "USA"]
[SourceTitle "CBM 204 Extra"]
[Source "ChessBase"]
[SourceDate "2021.11.30"]
[SourceVersion "1"]
[SourceVersionDate "2021.11.30"]
[SourceQuality "1"]

1. c4 e6 2. g3 f5 3. Bg2 Nf6 4. b3 c6 5. Bb2 d5 6. Nf3 Bd6 7. 0-0 0-0 8. d4 Nbd7 9. Nbd2 Ne4 10. Ne5 Nxd2 11. Qxd2 Bxe5 12. dxe5 dxc4 13. bxc4 Nb6 14. Qc2 Qe7 15. a4 Rd8 16. a5 Nd7 17. a6 Qc5 18. Rfb1 b6 19. Ba3 Qxe5 20. Bxc6 Rb8 21. Bb2 Qd6 22. Qc3 Nf6 23. Bf3 Qd2 24. Rd1 Qxd1+ 25. Rxd1 Rxd1+ 26. Kg2 Bxa6 27. Qa3 Bb7 28. e4 Bxe4 29. Qxa7 Rdd8 30. Bxe4 fxe4 31. Bxf6 gxf6 32. Qe7 Rf8 33. Qxe6+ Kg7 34. Qg4+ Kh8 35. Qxe4 Rbc8 36. Qd4 Rc6 37. h4 Rfc8 38. h5 Kg7 39. Qg4+ Kf7 40. h6 R8c7 41. Qg7+ Ke6 42. Qg8+ Ke5 43. Qd5# 1-0

[Event "Titled Tuesday intern op 19th Oct"]
[Site "Chess.com INT"]
[Date "2021.10.19"]
[Round "10"]
[White "Necula, Iulian"]
[Black "Duneas, John"]
[Result "0-1"]
[WhiteElo "1890"]
[BlackElo "2071"]
[PlyCount "74"]
[EventDate "2021.10.19"]
[EventType "swiss (blitz)"]
[EventRounds "11"]
[EventCountry "USA"]
[SourceTitle "CBM 204 Extra"]
[Source "ChessBase"]
[SourceDate "2021.11.30"]
[SourceVersion "1"]
[SourceVersionDate "2021.11.30"]
[SourceQuality "1"]

1. Nf3 e6 2. d3 d5 3. g3 Nf6 4. Bg2 c5 5. 0-0 Nc6 6. c4 d4 7. a3 a5 8. b3 Bd6 9. Bg5 h6 10. Bxf6 Qxf6 11. Nbd2 Qe7 12. Ne4 Bc7 13. e3 dxe3 14. fxe3 0-0 15. Qc2 b6 16. d4 cxd4 17. exd4 Bb7 18. Nc3 Rad8 19. Rad1 Qxa3 20. Nb5 Qe7 21. Rfe1 Nb4 22. Qc3 Qd7 23. Bh3 Qc6 24. Bg2 Bb8 25. Nh4 Qc8 26. Nf3 Bc6 27. Ne5 Bxb5 28. Qe3 Ba6 29. d5 Nc2 30. Qe4 Nxe1 31. Rxe1 exd5 32. cxd5 Bxe5 33. Qxe5 Rfe8 34. Qa1 Qc5+ 35. Kh1 Qf2 36. Rg1 Be2 37. Qc3 Bf3 0-1

[Event "Titled Tuesday intern op 28th Sept"]
[Site "Chess.com INT"]
[Date "2021.09.28"]
[Round "5"]
[White "Duneas, John"]
[Black "Hernandez Bermudez, Ulises Eduardo"]
[Result "1-0"]
[WhiteElo "2071"]
[BlackElo "2042"]
[PlyCount "129"]
[EventDate "2021.09.28"]
[EventType "swiss (blitz)"]
[EventRounds "11"]
[EventCountry "USA"]
[SourceTitle "CBM 204 Extra"]
[Source "ChessBase"]
[SourceDate "2021.11.30"]
[SourceVersion "1"]
[SourceVersionDate "2021.11.30"]
[SourceQuality "1"]

1. d4 Nf6 2. Nf3 e6 3. Bg5 b6 4. c4 Bb7 5. Nc3 Bb4 6. Qb3 c5 7. a3 Bxc3+ 8. bxc3 d6 9. Nd2 h6 10. Bh4 Nbd7 11. a4 Qc7 12. e3 0-0 13. Bg3 e5 14. f3 exd4 15. cxd4 Rfe8 16. Kf2 cxd4 17. exd4 Nh5 18. Bd3 Ndf6 19. a5 Nxg3 20. hxg3 d5 21. axb6 axb6 22. Rxa8 Rxa8 23. Rb1 dxc4 24. Bxc4 Ba6 25. Qxb6 Qxb6 26. Rxb6 Bxc4 27. Nxc4 Ra2+ 28. Rb2 Ra4 29. Rc2 Nd5 30. Ne3 Nb4 31. Rc8+ Kh7 32. Nc4 Ra2+ 33. Kg1 Nd3 34. Ne5 Ra1+ 35. Kh2 Nxe5 36. dxe5 Re1 37. f4 Kg6 38. g4 h5 39. Rc6+ Kh7 40. gxh5 Re4 41. g3 Re2+ 42. Kh3 Re1 43. Kg4 Re2 44. Rc7 Kg8 45. Kf5 Rh2 46. g4 Rh1 47. e6 fxe6+ 48. Kxe6 Rg1 49. Kf5 Kh7 50. h6 Kxh6 51. g5+ Kh7 52. Rc8 Rg2 53. Rc3 g6+ 54. Kf6 Rh2 55. Rc7+ Kg8 56. Kxg6 Kf8 57. Rc8+ Ke7 58. Rc7+ Kd6 59. Rh7 Rf2 60. f5 Ke5 61. f6 Ke6 62. Re7+ Kd6 63. Re8 Kd7 64. Rg8 Ke6 65. Rg7 1-0

[Event "Titled Tuesday intern op 28th Sept"]
[Site "Chess.com INT"]
[Date "2021.09.28"]
[Round "11"]
[White "Duneas, John"]
[Black "Necula, Iulian"]
[Result "1-0"]
[WhiteElo "2071"]
[BlackElo "1890"]
[PlyCount "89"]
[EventDate "2021.09.28"]
[EventType "swiss (blitz)"]
[EventRounds "11"]
[EventCountry "USA"]
[SourceTitle "CBM 204 Extra"]
[Source "ChessBase"]
[SourceDate "2021.11.30"]
[SourceVersion "1"]
[SourceVersionDate "2021.11.30"]
[SourceQuality "1"]

1. d4 g6 2. e4 Bg7 3. Nf3 c6 4. Bg5 h6 5. Be3 d5 6. e5 Bg4 7. Nbd2 h5 8. h3 Bxf3 9. Nxf3 e6 10. Qd2 Nh6 11. Bd3 Nf5 12. Bg5 Qb6 13. c3 Nd7 14. 0-0-0 c5 15. g4 Ne7 16. gxh5 gxh5 17. Kb1 Bf8 18. Rhg1 0-0-0 19. Qf4 cxd4 20. cxd4 Nc6 21. Bxd8 Nxd8 22. Rc1+ Kb8 23. Ng5 Bh6 24. h4 Rg8 25. Qe3 a6 26. f4 f6 27. exf6 Nxf6 28. Qe5+ Ka7 29. Qxf6 Bg7 30. Qe7 Qxd4 31. Qa3 e5 32. fxe5 Bxe5 33. Nf3 Qf4 34. Nxe5 Rxg1 35. Rxg1 Qxe5 36. Qc5+ Kb8 37. Rc1 Nc6 38. Bg6 Qf4 39. Qb6 Qxh4 40. Rxc6 Qe1+ 41. Rc1 Qe5 42. Qd8+ Ka7 43. Qc7 Qd4 44. Qc5+ Qxc5 45. Rxc5 1-0

[Event "Titled Tuesday intern op 28th Sept"]
[Site "Chess.com INT"]
[Date "2021.09.28"]
[Round "3"]
[White "Duneas, John"]
[Black "Zacarias Martinez, Ruben David"]
[Result "0-1"]
[WhiteElo "2071"]
[BlackElo "2135"]
[PlyCount "92"]
[EventDate "2021.09.28"]
[EventType "swiss (blitz)"]
[EventRounds "11"]
[EventCountry "USA"]
[SourceTitle "CBM 204 Extra"]
[Source "ChessBase"]
[SourceDate "2021.11.30"]
[SourceVersion "1"]
[SourceVersionDate "2021.11.30"]
[SourceQuality "1"]

1. d4 Nf6 2. Nf3 g6 3. c4 Bg7 4. Nc3 d6 5. e4 0-0 6. Be2 e5 7. 0-0 Nc6 8. d5 Ne7 9. Ne1 Nd7 10. Nd3 f5 11. f3 Nf6 12. Bd2 Rf7 13. c5 Bf8 14. cxd6 cxd6 15. Rc1 Ne8 16. Nf2 f4 17. a4 g5 18. Nb5 Ng6 19. Be1 h5 20. h3 Rg7 21. Kh1 Nh8 22. Qc2 Bd7 23. Na3 Nf7 24. Bb5 Nh6 25. Bxd7 Qxd7 26. Qb3 g4 27. Qb5 Qe7 28. fxg4 hxg4 29. Nxg4 Nxg4 30. hxg4 Nf6 31. Kg1 Nxe4 32. Qd3 Nf6 33. g5 Rxg5 34. Bh4 Rg7 35. Qf5 Rf7 36. Rf3 Bg7 37. Rh3 Qd7 38. Qg6 Nh7 39. Bf2 Nf8 40. Qh5 Qf5 41. Nb5 Qxh5 42. Rxh5 Rd8 43. Nxa7 e4 44. Bh4 Re8 45. Nb5 Re5 46. Rxe5 Bxe5 0-1

[Event "Titled Tuesday intern op 28th Sept"]
[Site "Chess.com INT"]
[Date "2021.09.28"]
[Round "1"]
[White "Tologontegin, Semetey"]
[Black "Duneas, John"]
[Result "1-0"]
[WhiteElo "2377"]
[BlackElo "2071"]
[PlyCount "79"]
[EventDate "2021.09.28"]
[EventType "swiss (blitz)"]
[EventRounds "11"]
[EventCountry "USA"]
[SourceTitle "CBM 204 Extra"]
[Source "ChessBase"]
[SourceDate "2021.11.30"]
[SourceVersion "1"]
[SourceVersionDate "2021.11.30"]
[SourceQuality "1"]

1. d4 e6 2. c4 f5 3. Nc3 Nf6 4. g3 Be7 5. Bg2 0-0 6. Nh3 d6 7. 0-0 a5 8. Nf4 e5 9. dxe5 dxe5 10. Nfd5 c6 11. Nxe7+ Qxe7 12. e4 Na6 13. exf5 Bxf5 14. Re1 Nb4 15. Ne4 Rad8 16. Qb3 Nxe4 17. Bxe4 Bxe4 18. Rxe4 Rd3 19. Qa4 Qd7 20. Be3 b5 21. Qxa5 Nc2 22. Rf1 Nxe3 23. Rxe3 Rxe3 24. fxe3 Rxf1+ 25. Kxf1 Qd3+ 26. Kf2 Qxc4 27. Qd8+ Kf7 28. Qd7+ Kf6 29. Qd6+ Qe6 30. Qf8+ Kg6 31. Qc5 h6 32. b3 e4 33. Ke1 Qf6 34. Qd4 Qe6 35. Kd2 Kh7 36. Kc3 Qg4 37. Kb4 Qf3 38. a4 bxa4 39. bxa4 Qe2 40. Qxe4+ 1-0

[Event "Titled Tuesday intern op 27th July"]
[Site "Chess.com INT"]
[Date "2021.07.27"]
[Round "7"]
[White "Duneas, John"]
[Black "Zong, Davis Jr"]
[Result "0-1"]
[WhiteElo "2131"]
[BlackElo "2129"]
[PlyCount "92"]
[EventDate "2021.07.27"]
[EventType "swiss (blitz)"]
[EventRounds "11"]
[EventCountry "USA"]
[SourceTitle "CBM 203 Extra"]
[Source "ChessBase"]
[SourceDate "2021.09.30"]
[SourceVersion "1"]
[SourceVersionDate "2021.09.30"]
[SourceQuality "1"]

1. d4 d5 2. c4 c6 3. Nc3 Nf6 4. Nf3 e6 5. Bg5 Nbd7 6. e3 Qa5 7. Qb3 Ne4 8. Bh4 Bb4 9. Rc1 0-0 10. Bd3 c5 11. 0-0 Nxc3 12. bxc3 Ba3 13. Rb1 dxc4 14. Bxc4 b6 15. Rfd1 Bb7 16. Bxe6 fxe6 17. Qxe6+ Kh8 18. Qxd7 Bxf3 19. gxf3 cxd4 20. Rxd4 Rxf3 21. Rg4 Qe5 22. Bg3 Qxc3 23. Rd1 Bc5 24. Kg2 Raf8 25. Qxa7 Qf6 26. Rd2 h5 27. Rh4 Qf5 28. Qd7 Qg5 29. Rd5 Rxf2+ 30. Kh3 R2f5 31. Rxf5 Qxf5+ 32. Qxf5 Rxf5 33. e4 Rf1 34. Rxh5+ Kg8 35. Rd5 Kf7 36. Rd7+ Kf6 37. e5+ Kg6 38. e6 Rf3 39. Kg2 Re3 40. Bd6 Rxe6 41. Bxc5 bxc5 42. Rc7 Re2+ 43. Kg3 Rc2 44. a4 Kf5 45. Rxg7 Ke4 46. a5 Ra2 0-1

[Event "Titled Tuesday intern op 27th July"]
[Site "Chess.com INT"]
[Date "2021.07.27"]
[Round "5"]
[White "Sarkar, Justin"]
[Black "Duneas, John"]
[Result "1-0"]
[WhiteElo "2338"]
[BlackElo "2131"]
[PlyCount "79"]
[EventDate "2021.07.27"]
[EventType "swiss (blitz)"]
[EventRounds "11"]
[EventCountry "USA"]
[SourceTitle "CBM 203 Extra"]
[Source "ChessBase"]
[SourceDate "2021.09.30"]
[SourceVersion "1"]
[SourceVersionDate "2021.09.30"]
[SourceQuality "1"]

1. e4 e5 2. Bc4 Nf6 3. d3 Bc5 4. Nc3 h6 5. f4 Bxg1 6. Rxg1 d6 7. f5 c6 8. Qf3 b5 9. Bb3 a5 10. a4 b4 11. Ne2 d5 12. g4 dxe4 13. dxe4 Nbd7 14. Be3 Ba6 15. h4 Nb6 16. g5 hxg5 17. hxg5 Nfd7 18. 0-0-0 Qc7 19. Rh1 0-0-0 20. Rxh8 Rxh8 21. Bxf7 Nxa4 22. Be6 Rd8 23. f6 gxf6 24. gxf6 Bxe2 25. Qxe2 Nab6 26. Bxb6 Qxb6 27. f7 Qc5 28. Qf3 Qf8 29. Qf5 Kc7 30. Rxd7+ Rxd7 31. Bxd7 a4 32. Be6 a3 33. Qxe5+ Kb6 34. bxa3 bxa3 35. Qd4+ c5 36. Qc3 Qa8 37. Qb3+ Kc6 38. Bd5+ Kd6 39. Bxa8 a2 40. f8Q+ 1-0

[Event "Henderson Trusts op-A 43rd"]
[Site "Henderson"]
[Date "2021.06.05"]
[Round "1"]
[White "Duneas, John"]
[Black "Koestanto, Erwin"]
[Result "1-0"]
[WhiteElo "2135"]
[BlackElo "1828"]
[PlyCount "101"]
[EventDate "2021.06.05"]
[EventType "swiss"]
[EventRounds "6"]
[EventCountry "NZL"]
[SourceTitle "EXT 2024"]
[Source "ChessBase"]
[SourceDate "2023.10.10"]
[SourceVersion "1"]
[SourceVersionDate "2023.10.10"]
[SourceQuality "1"]

1. d4 Nf6 2. Nf3 d5 3. c4 g6 4. cxd5 Nxd5 5. e4 Nb6 6. Nc3 Bg7 7. Be3 0-0 8. h3 Nc6 9. Be2 e5 10. d5 Ne7 11. Qb3 Bd7 12. Bc5 Nec8 13. Bxf8 Qxf8 14. 0-0 Nd6 15. Rfd1 h6 16. a4 a5 17. Bb5 Kh7 18. Bxd7 Nxd7 19. Nd2 f5 20. Qc2 Nc5 21. f3 b6 22. Nb5 Rc8 23. Nxd6 cxd6 24. Rac1 h5 25. exf5 gxf5 26. Qc4 Bh6 27. Rc3 Qg7 28. Nf1 Rg8 29. Rc2 Bf4 30. b4 axb4 31. Qxb4 e4 32. fxe4 Nxe4 33. Qxb6 Kh6 34. Qd4 Qg5 35. Qd3 Qh4 36. Rb1 Ng5 37. Kh1 Ne4 38. Qf3 Rg5 39. Re2 Ng3+ 40. Nxg3 Rxg3 41. Qf2 Kg5 42. Rf1 Rxh3+ 43. gxh3 Qxh3+ 44. Kg1 Qg4+ 45. Qg2 Bg3 46. Qxg3 Qxg3+ 47. Rg2 f4 48. Rxg3+ fxg3 49. Kg2 Kg4 50. Rf8 h4 51. Rg8+ 1-0